| 000 | 00613nam a2200181 a 4500 | ||
|---|---|---|---|
| 001 | 000042274 | ||
| 005 | 20201002040039.0 | ||
| 008 | 131121s1968 sp ac 000 0 spa d | ||
| 040 |
_aDO-SdBNP _bspa _cBNPHU |
||
| 082 |
_axxx _bV393a |
||
| 100 | 1 |
_aVázquez Montalbán, Manuel _945507 |
|
| 245 | 1 | 0 |
_aAntología de la «Nova Cancó» Catalana / _cManuel Vázquez Montalbán. |
| 260 |
_aBarcelona : _bEdiciones de Cultura Popular, _c1968. |
||
| 300 |
_a290 p. : _bil. ; _c24 cm. |
||
| 490 | 1 | _aPapeles sociales ilustrados | |
| 500 | _aIncluye discografía: p. 252-289 | ||
| 830 | 0 |
_aPapeles sociales ilustrados _969312 |
|
| 999 |
_c41763 _d41763 |
||